Bienvenue au Catalogue en Ligne des Bibliothèques de l'Universite du Burundi

Etude floristique et de la dynamique spatio-temporelle de la zone aurifère de la commune Butihinda, province Muyinga (Record no. 53835)

000 -GUIDE
Champ de contrôle de longueur fixe 01138nam a22002417a 4500
003 - IDENTITÉ DU NUMÉRO DE CONTRÔLE
Champ de contrôle BI-BuBU
008 - ÉLÉMENTS DE LONGUEUR FIXE - RENSEIGNEMENTS GÉNÉRAUX
Champ de contrôle de longueur fixe 260504b2025 bd fr|||| 000 0 fre d
037 ## - SOURCE D'ACQUISITION
Source d'acquisition et du numéro d'inventaire Don de l'auteur
039 ## - NIVEAU DE CONTRÔLE BIBLIOGRAPHIQUE ET HISTORIQUE D'ENCODAGE [OBSOLETE]
Date creation 20260504110610.0
Nom catalographe Thacien Mutabazi
040 ## - SOURCE DU CATALOGAGE
Organisme qui a effectué le catalogage original BI-BuBU
Code de la langue utilisée dans le catalogage fre
Organisme qui a effectué la transcription BI-BuBU
Organisme qui a effectué la modification BI-BuBU
041 0# - CODE DE LANGUE
Code de langue du texte/de la piste sonore ou du titre distinct fre
080 ## - INDICE DE LA CLASSIFICATION DÉCIMALE UNIVERSELLE (CDU)
Indice de la Classification décimale universelle 622.11
100 1# - VEDETTE PRINCIPALE - NOM DE PERSONNE
Code de relation aut.
Nom de personne Ahishakiye, Elisha
245 10 - MENTION DU TITRE
Titre Etude floristique et de la dynamique spatio-temporelle de la zone aurifère de la commune Butihinda, province Muyinga
Mention de responsabilité, etc. Elisha Ahishakiye ; Tatien Masharabu, directeur
260 ## - PUBLICATION, DIFFUSION, ETC. (ADRESSE BIBLIOGRAPHIQUE)
Lieu de publication, diffusion, etc. Bujumbura
Nom de l'éditeur, diffuseur, etc. Université du Burundi, Faculté des sciences
Date of publication, distribution, etc 2025
300 ## - DESCRIPTION MATÉRIELLE
Collation XI-69 f.
Dimensions 30 cm.
502 ## - NOTE DE THÈSE OU MÉMOIRE
Note de thèse Mémoire présenté en vue d'obtenir le diplôme de master en biologie des organismes et écologie.<br/>Spécialité : Gestion des paysages et écosystèmes terrestres.
650 #7 - VEDETTE-MATIÈRE - NOM COMMUN
Source du terme BI-BuBU
Vedette de sujet ou vedette comportant un nom géographique Industrie minière
Subdivision générale Etude de la dynamique spatio-temporelle
Subdivision géographique Zone aurifère Butihinda (commune)
650 #7 - VEDETTE-MATIÈRE - NOM COMMUN
Source du terme BI-BuBU
Vedette de sujet ou vedette comportant un nom géographique Industrie minière
Subdivision générale Etude floristique
Subdivision géographique Zone aurifère Butihinda (commune)
655 #7 - TERME D'INDEXATION - GENRE OU FORME
Source du terme BI-BuBU
Données ou terme dominant sur le genre ou la forme Mémoire
700 #7 - VEDETTE SECONDAIRE - NOM DE PERSONNE
Code de relation dir.
Nom d'auteur Masharabu, Tatien
942 ## - ÉLÉMENTS D'ENTRÉE ADDITIONNELLE (KOHA)
Source de la classification ou du système de rangement
Type d item koha Memoire
Holdings
Statut de retrait Statut de perte Source de la classification ou du système de rangement Statut de déterioration Exclu du prêt Numéro d item Koha Localisation permanente Localisation actuelle Date d'acquisition Source d'acquisition Nombre de prêts Cote Code-barres Date last seen Numéro d'exemplaire Prix en vigueur à partir du Type d item koha
        Not For Loan 85683 Bibliothèque Centrale Bibliothèque Centrale 04/05/2026 Don de l'auteur   622.11 AHI. 5010000483852 04/05/2026 1 04/05/2026 Memoire
© 2019-2026 - Bibliothèques de l'Université du Burundi |Tous droits réservés
home | Pour toute information urgente Contactez nous | tel whatsupp: +25779204313